| 000 | 00334nam a22001337a 4500 | ||
|---|---|---|---|
| 008 | 180308b xxu||||| |||| 00| 0 eng d | ||
| 020 | _a9780787969950 | ||
| 041 | _aeng | ||
| 080 |
_22nd _a658 |
||
| 100 | _a54 | ||
| 101 | _aLID | ||
| 245 |
_aThe josey-bass handbook of nonprofit leadership& management _cHerman,R.D |
||
| 942 |
_2udc _cBK |
||
| 999 |
_c44412 _d44412 |
||